LIBRARY & INFORMATION CENTRE, KCAET, TAVANUR

ONLINE PUBLIC ACCESS CATALOGUE (OPAC)

Principles of architecture / (Record no. 13311)

MARC details
000 -LEADER
fixed length control field 00438cam a2200169ua 4500
041 ## - LANGUAGE CODE
Language code of text/sound track or separate title eng
082 ## - DEWEY DECIMAL CLASSIFICATION NUMBER
Classification number 720
Item number MOH/PR
100 ## - MAIN ENTRY--AUTHOR NAME
Personal name Mohan, Muthu Shobha G .
245 ## - TITLE STATEMENT
Title Principles of architecture /
260 ## - PUBLICATION, DISTRIBUTION, ETC. (IMPRINT)
Place of publication Calcutta :
Name of publisher Oxford University Press ,
Year of publication 2006.
300 ## - PHYSICAL DESCRIPTION
Number of Pages 316 ; .
942 ## - ADDED ENTRY ELEMENTS (KOHA)
Koha item type Books
Holdings
Withdrawn status Lost status Damaged status Home library Current library Date acquired Full call number Accession Number Koha item type
      KAUAET KAUAET 07/04/2012 720 21710 Books
free website counter